000 01276nam a2200349 i 4500
001 11998
003 KOSZ 005
005 20201014140537.0
008 071106s1967 pl a f 000 0 pol
015 _aPB 1967/2431
040 _aWA N
_cKOSZ 005/KK
_dKOSZ 005/KK
041 1 _apol
_heng
_hfre
080 _a14+92
100 1 _aLeśniak, Kazimierz
_d(1911-1987).
_eOprac.
245 1 0 _aFranciszek Bacon /
_cKazimierz Leśniak.
250 _aWyd. 2 uzup. i rozsz.
260 _aWarszawa :
_b"Wiedza Powszechna",
_c1967.
300 _a208, [4] s., [1] k. tabl. :
_bil. ;
_c18 cm.
380 _aKsiążki.
490 1 _aMyśli i Ludzie. 2, Filozofia Nowożytna i Współczesna.
500 _aM. in.: Wybór pism Bacona.
504 _aBibliogr. s.207-209
546 _aTł. z ang. i łac.
600 1 4 _aBacon, Francis
_d(1561-1626).
650 4 _aFilozofia
_xhistoria
_zWielka Brytania
_y16-17 w.
648 4 _a1601-1700
648 4 _a1501-1600
710 2 _aPaństwowe Wydawnictwo Wiedza Powszechna
_4pbl.
856 _uhttp://koha.tu.koszalin.pl/cgi-bin/koha/opac-detail.pl?biblionumber=11998
_yKatalog online BPK
830 0 _aMyśli i Ludzie.
_n2,
_pFilozofia Nowożytna i Współczesna
942 _2UKD
_cKS
999 _c11998
_d11998